|
|
|
|
| LEADER |
00704Cam#a2200229#a#4500 |
| 001 |
023689 |
| 005 |
20160721160707.0 |
| 008 |
120412s1982||||ag ad f#b #000|0#spa#d |
| 020 |
|
|
|a 9500200791
|
| 040 |
|
|
|a AR-BeUNQ
|
| 082 |
0 |
4 |
|a 611.018
|2 21
|
| 100 |
1 |
|
|a Lovesio, Carlos.
|
| 245 |
0 |
2 |
|a Medicina intensiva /
|c Carlos Lovesio.
|
| 260 |
|
|
|a Buenos Aires :
|b El Ateneo,
|c 1982.
|
| 300 |
|
|
|a 651 p. :
|b il., gráficos ;
|c 26 cm.
|
| 504 |
|
|
|a Bibliografía: p. 615-651.
|
| 650 |
|
7 |
|a Medicina
|2 spines
|
| 650 |
|
7 |
|a Patología
|2 spines
|
| 650 |
|
7 |
|a Enfermedades
|2 spines
|
| 929 |
|
|
|a DONACION
|b Ana María Heredia
|d 0,00
|e 20120213
|f PAT0042009
|g 2030 Exp. 827-0387/98
|j 42941
|
| 942 |
|
|
|c LIB
|n 0
|
| 999 |
|
|
|c 22354
|d 97741
|